Catálogo
 En Linea

Expo- Colectiva Juan Bosch: (Registro nro. 54213)

Detalles MARC
000 -CABECERA
campo de control de longitud fija 01064nam a2200253 i 4500
003 - IDENTIFICADOR DEL NÚMERO DE CONTROL
campo de control DO-SdBNP
005 - FECHA Y HORA DE LA ÚLTIMA TRANSACCIÓN
campo de control 20240228192634.0
006 - CÓDIGOS DE INFORMACIÓN DE LONGITUD FIJA--CARACTERÍSTICAS DEL MATERIAL ADICIONAL
campo de control de longitud fija a||||gr|||| 00| 0
007 - CAMPO FIJO DE DESCRIPCIÓN FÍSICA--INFORMACIÓN GENERAL
campo de control de longitud fija ta
008 - DATOS DE LONGITUD FIJA--INFORMACIÓN GENERAL
campo de control de longitud fija 230719e2019 dr a|||| |||| 00| 0 spa d
040 ## - FUENTE DE LA CATALOGACIÓN
Centro catalogador/agencia de origen DO-SdBNP
Lengua de catalogación spa
Centro/agencia transcriptor BNPHU
Normas de descripción rda
082 #4 - NÚMERO DE LA CLASIFICACIÓN DECIMAL DEWEY
Número de edición 22
Número de documento/Ítem B742p
111 1# - ENTRADA PRINCIPAL--NOMBRE DE CONGRESO/REUNIÓN
Nombre de congreso/reunión o jurisdicción como elemento de entrada Panel Juan Bosch: El Rostro de maestro
Número del congreso/reunión o número de parte o sección (1er.
Fecha del congreso/reunión 2019
Sede del congreso/Lugar de la reunión Santo Domingo)
9 (RLIN) 83805
245 10 - MENCIÓN DE TÍTULO
Título Expo- Colectiva Juan Bosch:
Resto del título el rostro del maestro. /
Mención de responsabilidad, etc. Presentación, Diómedes Núñez Polanco,
264 #1 - PRODUCCIÓN, PUBLICACIÓN, DISTRIBUCIÓN, FABRICACIÓN Y COPYRIGHT
Producción, publicación, distribución, fabricación y copyright Santo Domingo :
Nombre del de productor, editor, distribuidor, fabricante Ministerio de Cultura,
-- Biblioteca Nacional,
Fecha de producción, publicación, distribución, fabricación o copyright 2019
336 ## - TIPO DE CONTENIDO
Fuente rdacontent
Término de tipo de contenido texto
Código de tipo de contenido txt
337 ## - TIPO DE MEDIO
Fuente rdamedia
Nombre/término del tipo de medio sin medición
Código del tipo de medio n
338 ## - TIPO DE SOPORTE
Fuente rdacarrier
Nombre/término del tipo de soporte volumen
Código del tipo de soporte nc
500 ## - NOTA GENERAL
Nota general Artistas plásticos rinden homenaje al Profesor Juan Bosch.
505 ## - NOTA DE CONTENIDO CON FORMATO
Nota de contenido con formato Presentación
Título El Rostro del Maestro. /
Mención de responsabilidad Diómedes Núñez Polanco.--
Título "El Rostro del Maestro" / Tributo al Prfesor Juan Bosch. /
Mención de responsabilidad Abil Peralta Agüero.
590 ## - NOTA LOCAL (RLIN)
Nota local Inventariado 2023 / MF
700 12 - PUNTO DE ACCESO ADICIONAL--NOMBRE DE PERSONA
Nombre de persona Nuñez Polanco, Diómedes
Fechas asociadas al nombre 1952-
Término indicativo de función/relación presentación
9 (RLIN) 83559
942 ## - ELEMENTOS DE PUNTO DE ACCESO ADICIONAL (KOHA)
Fuente del sistema de clasificación o colocación Dewey Decimal Classification
Tipo de ítem Koha Imagen
Existencias
Estado de retiro Estado de pérdida Fuente del sistema de clasificación o colocación Restricciones de uso No para préstamo Código de colección Localización permanente Ubicación/localización actual Ubicación en estantería Fecha de adquisición Fuente de adquisición Total de préstamos Signatura topográfica completa Código de barras Fecha visto por última vez Precio válido a partir de Tipo de ítem Koha
    Dewey Decimal Classification Excluido de préstamo   Patrimonio Dominicano Biblioteca Nacional Pedro Henríquez Ureña Biblioteca Nacional Pedro Henríquez Ureña En catalogación 26.09.2019 Depósito Legal   B742p 2023-4958 19.07.2023 19.07.2023 Imagen

Con tecnología Koha